000 01067nam a2200301Ia 4500
001 Para_8920
003 CHAP
008 220125s2004 xx 000 0 und d
010 _a207661
040 _cCHAP
090 _aPA TESIS 1863
100 _aRamírez Luna, Diana Berenice
_994108
245 _aDistribución, rango de hospedantes e identificación del nematodo agallador en el trompillo (Solanum eleagnifolium Cav.) en San Luis de la Paz, Guanajuato /
_c por Diana Berenice Ramírez Luna
260 _aChapingo, Méx. :
_b el autor
300 _a75 h.
502 _aTesis (Ing. Agr. Esp. en Parasitología Agrícola) -- UACh. Departamento Parasitología Agrícola
650 _aNemátodos parásitos de plantas
_980835
650 _aSolanaceas
_9108358
650 _aTrompillo
_9174186
710 _aUACh. Departamento Parasitología Agrícola
_9164025
901 _aPA TESIS 1863
902 _aA
905 _a0000002004 adin0000000000 00
910 _a2004
942 _cPARA
942 _cPARA
_d1
999 _c207661
_d207661